00869nam a2200241Ia 450000500170000000800410001702000150005808200170007310000360009024500620012625000180018830000250020649000420023150000420027360000690031565000390038465000490042326400320047233600270050433700330053133800280056404000350059220220317001340.0161108s9999 xx 000 0 und d a950491284204a928.61bB79p1 aBryce Echenique, Alfredod1939-10aPermiso para vivirbantimemoriascAlfredo Bryce Echenique a2a. edición a532 páginasc23 cm aAutores españoles e iberoamericanos aIncluye datos biográficos del autor14aBryce Echenique, Alfredod1939 -xCorrespondencia, memorias, etc142LEMBaLiteratura PeruanaySiglo XX142LEMB aNarrativa hispanoamericana ySiglo XX aBuenos AiresbPlanetac2005 atextobtxt2rdacontent asin mediaciónbn2rdamedia avolumenbnc2rdacarrier aCO-BoRNBPbspaerdacCO-BoRNBP